000 01415nam a2200229Ia 4500
001 b6438-46120
003 IT-MiCISF
008 161014s9999||||xx |||||||||||||| ||und||
040 _aIT-MiCISF
_cIT-MiCISF
041 _ait
100 _aHimbaza Innocent
245 0 _aL'omosessualità nella Bibbia
250 _a1a ed.
260 _aCinisello Balsamo (MI)
_bSan Paolo
_c2007 [Edizione originale: 2007]
300 _app. 123
500 _a / omosessualità, bibbia / In questo volume tre esegeti cristiani, due cattolici e uno protestante, accettano la sfida di tornare al testo biblico, di attenersi ad esso e di rileggerlo senza tabù né pregiudizi, per chiarire ciò che la Bibbia dice sull'omosessualità. Essi accettano di sottomettersi al testo, senza ricorrere a interpretazioni personali o ecclesiali. Per pronunciarsi sull'omosessualità a partire dalla Bibbia, bisogna infatti, prima di tutto, precisare ciò che la Bibbia dice e ciò che va oltre le sue intenzioni. Soltanto in un secondo momento, ci si può chiedere se l'insegnamento biblico mantenga il suo valore per la nostra società. Il presente studio, senza essere un trattato di etica sull'omosessualità, evidenzia l'importanza dell'insegnamento biblico per tale questione.
650 _a Sessualità / sessualità
_e005
700 _aEdart Jean-Baptiste
700 _aSchenker Adrian
942 _cBK
957 _71
999 _a46120
_bsi
_g1
_c210605
_d210605